Tunnel watching (Record no. 29468)
[ view plain ]
| 000 -LEADER | |
|---|---|
| fixed length control field | 00965nam a2200277Ia 4500 |
| 082 04 - DEWEY DECIMAL CLASSIFICATION NUMBER | |
| Classification number | 624.193 |
| 100 1# - MAIN ENTRY--AUTHOR NAME | |
| Personal name | Jupp, Edmund W. |
| 245 10 - TITLE STATEMENT | |
| Title | Tunnel watching |
| 260 ## - PUBLICATION, DISTRIBUTION, ETC. (IMPRINT) | |
| Place of publication | Bristol : |
| Name of publisher | Intellect, |
| Year of publication | 2002. |
| 300 ## - PHYSICAL DESCRIPTION | |
| Number of Pages | 53 p. |
| 650 #0 - SUBJECT ADDED ENTRY--TOPICAL TERM | |
| Topical Term | Tunnels. |
| Topical Term | Engineering. |
| 856 40 - ELECTRONIC LOCATION AND ACCESS | |
| Uniform Resource Identifier | http://site.ebrary.com/lib/rucke/Doc?id=10018392 |
No items available.
